00382ntaaa2200157 45000030003000000050017000030080021000200400037000410820017000781000018000952450021001132500029001343000010001636500015001736500036001880120251027201535.00714s1973 ag 01  aAR-BaBNbspacAR-BaBNeaacrdRIC a227.8000 H87 aHuegel, Juan  aCarta a un joven a1 ed. : bAurora, c1959 a76 p. aII Timoteo aBiblia-Nuevo Testamento-Timoteo